| Tag |
First Indicator |
Second Indicator |
Subfields |
| LEADER |
00000cas a2200000 a 4500 |
| 001 |
in00000410048 |
| 005 |
20151012051858.0 |
| 007 |
he bmb025baca |
| 008 |
840807c19uu9999njugr br s0 0a0eng d |
| 022 |
|
|
|y 0070-5802
|
| 035 |
|
|
|a (OCoLC)11026637
|
| 035 |
|
|
|9 ABT7969AM
|
| 037 |
|
|
|b State of Maryland, Dept. of Economic and Community Development, 45 Calvert St., Annapolis, MD 21401
|
| 040 |
|
|
|a ATT
|c ATT
|d TXA
|d UtOrBLW
|
| 043 |
|
|
|a n-us-md
|
| 049 |
|
|
|a TXAI
|
| 099 |
|
|
|a fiche
|a S
|a 782
|
| 245 |
0 |
0 |
|a Directory of Maryland manufacturers.
|
| 246 |
1 |
0 |
|a Maryland manufacturers
|h microform
|
| 264 |
|
1 |
|a Annapolis, Md. :
|b State of Maryland, Dept. of Economic and Community Development.
|
| 300 |
|
|
|a volumes ;
|c 22 cm.
|
| 336 |
|
|
|a text
|b txt
|2 rdacontent
|
| 337 |
|
|
|a microform
|b h
|2 rdamedia
|
| 338 |
|
|
|a microfiche
|b he
|2 rdacarrier
|
| 500 |
|
|
|a Description based on: [11th] (1983-84).
|
| 533 |
|
|
|a Microfiche.
|b Red Bank, N.J. :
|c Colt Microfiche,
|d 198 -
|e microfiches ; 11 x 15 cm.
|f (Colt microfiche library of state directories)
|
| 500 |
|
|
|a Microform.
|
| 651 |
|
0 |
|a Maryland
|x Manufactures
|x Directories.
|
| 710 |
1 |
|
|a Maryland.
|b Department of Economic and Community Development.
|
| 780 |
0 |
0 |
|t Directory, Maryland manufacturers
|x 0070-5802
|w (DLC) 72622741
|w (OCoLC)3817836
|
| 830 |
|
0 |
|a Colt microfiche library of state directories.
|
| 999 |
|
|
|a MARS
|
| 999 |
f |
f |
|s 3f7bc7cf-83ac-3e78-94c4-6037ee4adcf5
|i 6501c591-923c-3c58-8795-068314b2ec97
|t 0
|
| 952 |
f |
f |
|p default
|a Texas A&M University
|b College Station
|c Sterling C. Evans Library
|d Evans: Microforms (3rd floor)
|t 0
|e fiche S 782
|h Other scheme
|i microform -- microfiche
|
| 998 |
f |
f |
|a fiche S 782
|s v.11 (1983/1984)
|t 0
|l Evans: Microforms (3rd floor)
|